[Event "NAYCC U12 w"]
[Site "Kingston CAN"]
[Date "2019.08.16"]
[Round "1.101"]
[White "Huang, Lulu"]
[Black "Hua, Michelle"]
[Result "0-1"]
[WhiteElo "1285"]
[BlackElo "1666"]
[PlyCount "74"]
[EventDate "2019.08.16"]
[EventType "swiss"]
[EventRounds "9"]
[EventCountry "CAN"]

1. e4 c5 2. Nf3 d6 3. d4 cxd4 4. Nxd4 Nf6 5. Nc3 g6 6. Be3 Bg7 7. Bc4 O-O 8.
O-O Nc6 9. Re1 Bd7 10. h3 a6 11. a4 Ne5 12. Bb3 Qc7 13. Qe2 h6 14. f4 Nc6 15.
Bf2 Nxd4 16. Bxd4 e5 17. fxe5 dxe5 18. Bf2 Bc6 19. Bh4 Nh5 20. Qg4 Kh7 21. Qf3
Nf4 22. Kh2 Rae8 23. Bg3 Ne6 24. Bf2 Nd4 25. Bxd4 exd4+ 26. Kh1 dxc3 27. bxc3
f5 28. Qd3 Bxe4 29. Qc4 Qg3 30. Re2 Be5 31. Kg1 Qh2+ 32. Kf1 Qh1+ 33. Kf2 Qxg2+
34. Ke3 Qg3+ 35. Kd2 Bf4+ 36. Re3 Qxe3+ 37. Kd1 Qd2# 0-1

[Event "NAYCC U12 w"]
[Site "Kingston CAN"]
[Date "2019.08.16"]
[Round "1.102"]
[White "Rajaram, Anika"]
[Black "Li, Annie"]
[Result "1-0"]
[WhiteElo "1560"]
[BlackElo "1285"]
[PlyCount "109"]
[EventDate "2019.08.16"]
[EventType "swiss"]
[EventRounds "9"]
[EventCountry "CAN"]

1. d4 d5 2. c4 e6 3. Nf3 Nf6 4. g3 c5 5. cxd5 exd5 6. Bg2 Nc6 7. O-O Be6 8. Nc3
Be7 9. Bf4 Qb6 10. Na4 Qb5 11. dxc5 Bxc5 12. Nxc5 Qxc5 13. a3 O-O 14. Rc1 Qb6
15. b4 Rfe8 16. Be3 Qa6 17. Ra1 b5 18. Qd3 Ne4 19. Nd4 Nxd4 20. Bxd4 Bf5 21.
Bb2 Rad8 22. a4 Qh6 23. Qd4 Nf6 24. Bc1 Qh5 25. Bf3 Bg4 26. Bxg4 Nxg4 27. h4
Re5 28. f3 Rxe2 29. fxg4 Qg6 30. Bb2 Re4 31. Qf2 Rxg4 32. Kh2 Rxb4 33. axb5 Rc8
34. Rac1 Rf8 35. Ba3 Rxb5 36. Bxf8 Kxf8 37. Rc8+ Ke7 38. Qxa7+ Kd6 39. Qa6+ Kd7
40. Qxb5+ Kxc8 41. Rc1+ Kd8 42. Qxd5+ Ke8 43. Rc8+ Ke7 44. Rc7+ Kf6 45. Rc6+
Ke7 46. Rxg6 hxg6 47. Qe5+ Kf8 48. Kg2 Kg8 49. Qe8+ Kh7 50. Qxf7 Kh6 51. g4 Kh7
52. Kg3 Kh6 53. Kf2 Kh7 54. Ke3 Kh6 55. h5 1-0

[Event "NAYCC U12 w"]
[Site "Kingston CAN"]
[Date "2019.08.16"]
[Round "1.103"]
[White "Gomez Camara, Sofia"]
[Black "Jin, Christina"]
[Result "1-0"]
[WhiteElo "1243"]
[BlackElo "1503"]
[PlyCount "97"]
[EventDate "2019.08.16"]
[EventType "swiss"]
[EventRounds "9"]
[EventCountry "CAN"]

1. e4 c5 2. Nf3 d6 3. d4 cxd4 4. Nxd4 Nf6 5. Nc3 a6 6. Bg5 e5 7. Nf5 Bxf5 8.
exf5 Be7 9. Bc4 Nc6 10. O-O Nd4 11. Bd3 Qd7 12. Bxf6 Bxf6 13. Nd5 Be7 14. Nb6
Qc6 15. Nxa8 O-O 16. a4 Qc5 17. c3 Rxa8 18. cxd4 Qxd4 19. Qc2 h6 20. Rad1 Qc5
21. Qxc5 dxc5 22. Be4 Rb8 23. Rd7 Bf6 24. Rxb7 Rxb7 25. Bxb7 a5 26. b3 Be7 27.
f4 exf4 28. Rxf4 Kf8 29. Kf2 Ke8 30. Re4 Kd8 31. Rxe7 Kxe7 32. Ke3 Kd6 33. Ke4
f6 34. g4 Kc7 35. Ba6 Kd6 36. Bb5 Kc7 37. Kd5 Kb6 38. h3 c4 39. bxc4 Kc7 40.
Ke6 Kd8 41. Kd6 Kc8 42. Kc6 Kb8 43. Kd7 Kb7 44. c5 Kb8 45. c6 h5 46. c7+ Ka7
47. c8=Q hxg4 48. Qc7+ Ka8 49. Bc6# 1-0

[Event "NAYCC U12 w"]
[Site "Kingston CAN"]
[Date "2019.08.16"]
[Round "1.104"]
[White "Wang, Felicity"]
[Black "Surya, Dania"]
[Result "1/2-1/2"]
[WhiteElo "1490"]
[BlackElo "1216"]
[PlyCount "76"]
[EventDate "2019.08.16"]
[EventType "swiss"]
[EventRounds "9"]
[EventCountry "CAN"]

1. e4 d5 2. exd5 Qxd5 3. Nc3 Qa5 4. d4 Nf6 5. Nf3 c6 6. Bd2 Bf5 7. Bc4 Qc7 8.
O-O e6 9. Re1 Nbd7 10. Ne2 Bd6 11. Ng3 Bg6 12. c3 O-O 13. Qe2 Rad8 14. Rad1
Rfe8 15. Ne5 Nb6 16. Bb3 Nfd7 17. f4 Nxe5 18. dxe5 Bc5+ 19. Be3 Bxe3+ 20. Qxe3
Rxd1 21. Rxd1 a5 22. a3 Nd5 23. Bxd5 cxd5 24. Ne2 Bh5 25. Rd3 Bxe2 26. Qxe2 Qc4
27. Qd2 Rc8 28. Rd4 Qc5 29. Kh1 Qb5 30. h3 Qf1+ 31. Kh2 Rc4 32. Rxc4 Qxc4 33.
Qd4 Qxd4 34. cxd4 Kf8 35. a4 Ke7 36. g4 f6 37. h4 b6 38. Kg3 g6 1/2-1/2

[Event "NAYCC U12 w"]
[Site "Kingston CAN"]
[Date "2019.08.16"]
[Round "1.105"]
[White "Tec, Isavelina"]
[Black "Chen, Helen"]
[Result "1-0"]
[WhiteElo "1163"]
[BlackElo "1447"]
[PlyCount "49"]
[EventDate "2019.08.16"]
[EventType "swiss"]
[EventRounds "9"]
[EventCountry "CAN"]

1. e4 c5 2. d4 cxd4 3. c3 dxc3 4. Nxc3 Nc6 5. Nf3 d6 6. Bc4 Nf6 7. e5 dxe5 8.
Qxd8+ Nxd8 9. Nb5 Rb8 10. Nxe5 e6 11. Be3 Bb4+ 12. Ke2 b6 13. Nxa7 Nd7 14. Bb5
f6 15. Nxc8 fxe5 16. Nxb6 Ba5 17. Bxd7+ Ke7 18. Bc5+ Kf6 19. Nc4 Bc7 20. Ba4
Nb7 21. Be3 Rbc8 22. Bb3 Bd8 23. h4 Be7 24. Bg5+ Kf7 25. Nxe5+ 1-0

[Event "NAYCC U12 w"]
[Site "Kingston CAN"]
[Date "2019.08.16"]
[Round "1.106"]
[White "Zhou, Celina"]
[Black "Yang, Adelynne"]
[Result "0-1"]
[WhiteElo "1446"]
[BlackElo "1133"]
[PlyCount "88"]
[EventDate "2019.08.16"]
[EventType "swiss"]
[EventRounds "9"]
[EventCountry "CAN"]

1. d4 d5 2. c4 e6 3. Nc3 Nf6 4. Nf3 Be7 5. Bf4 O-O 6. e3 b6 7. Be2 Bb7 8. O-O
Nbd7 9. Rc1 c5 10. cxd5 Nxd5 11. Nxd5 Bxd5 12. dxc5 Bxc5 13. a3 a5 14. Qd2 Qe7
15. Rfd1 Nf6 16. Qe1 Ne4 17. Nd2 Nxd2 18. Rxd2 Rfd8 19. Bd3 e5 20. Bg3 Qg5 21.
h4 Qg4 22. Be2 Qe6 23. Rcd1 Be7 24. f3 e4 25. fxe4 Bxe4 26. Rxd8+ Rxd8 27.
Rxd8+ Bxd8 28. Qd1 Bf6 29. Bg4 Qc6 30. Qd2 h6 31. Bd7 Qc4 32. b4 Bc3 33. Qd6
axb4 34. axb4 Bxb4 35. Qxb6 Bc5 36. Qb8+ Kh7 37. Qf4 Qd3 38. Kh1 Bxe3 39. Qxf7
Qd1+ 40. Kh2 Qg1+ 41. Kh3 Qxg2+ 42. Kg4 Qe2+ 43. Kh3 Bg2+ 44. Kh2 Bf1+ 0-1

[Event "NAYCC U12 w"]
[Site "Kingston CAN"]
[Date "2019.08.16"]
[Round "1.107"]
[White "Liao, Jody"]
[Black "Morden, Simone"]
[Result "0-1"]
[WhiteElo "991"]
[BlackElo "1415"]
[PlyCount "112"]
[EventDate "2019.08.16"]
[EventType "swiss"]
[EventRounds "9"]
[EventCountry "CAN"]

1. e4 e5 2. Nf3 Nc6 3. Bc4 Bc5 4. c3 Nf6 5. d4 exd4 6. cxd4 Bb4+ 7. Nc3 d5 8.
exd5 Nxd5 9. Bxd5 Qxd5 10. O-O Bxc3 11. bxc3 O-O 12. Qd3 Bf5 13. Qd1 Rfe8 14.
h3 h6 15. Re1 Rxe1+ 16. Qxe1 Bxh3 17. c4 Qf5 18. Nh4 Qf6 19. Nf3 Nxd4 20. Nxd4
Qxd4 21. Be3 Qg4 22. Qf1 Qg6 23. Kh1 Bf5 24. Qd1 a6 25. Bf4 Qc6 26. Qd4 Re8 27.
Be3 Re4 28. Qd2 Rh4+ 29. Kg1 Rg4 30. f3 Qxf3 31. Rf1 Qe4 32. Re1 Qd3 33. Qf2
Be4 34. g3 Qc2 35. Re2 Qd1+ 36. Re1 Qf3 37. Qxf3 Bxf3 38. Kf2 Bc6 39. c5 Ra4
40. Re2 Ra3 41. Bf4 Bd5 42. Bxc7 Rxa2 43. Rxa2 Bxa2 44. Bb6 Bd5 45. g4 Be6 46.
Kg3 f5 47. gxf5 Bxf5 48. Kf4 Bd7 49. Kg3 Kf7 50. Kh4 Ke6 51. Kh5 Be8+ 52. Kg4
g6 53. Kh4 Kf5 54. Kg3 Kg5 55. Kf3 Bc6+ 56. Kg3 h5 0-1

[Event "NAYCC U12 w"]
[Site "Kingston CAN"]
[Date "2019.08.16"]
[Round "1.108"]
[White "Ruchinskaya, Valerie"]
[Black "Liu, Lily"]
[Result "1-0"]
[WhiteElo "1412"]
[BlackElo "919"]
[PlyCount "67"]
[EventDate "2019.08.16"]
[EventType "swiss"]
[EventRounds "9"]
[EventCountry "CAN"]

1. d4 d5 2. c4 c6 3. Nf3 Bg4 4. e3 Nd7 5. Nc3 Ngf6 6. Qb3 Nb6 7. c5 Nbd7 8.
Qxb7 Qc8 9. Qxc8+ Rxc8 10. Be2 Bxf3 11. Bxf3 e5 12. O-O Be7 13. b4 O-O 14. a4
Rb8 15. b5 e4 16. Be2 Rfd8 17. Bd2 h6 18. Rfb1 Rb7 19. b6 axb6 20. Ba6 Rdb8 21.
Bxb7 Rxb7 22. cxb6 c5 23. a5 cxd4 24. exd4 Kh7 25. a6 Rxb6 26. a7 Rxb1+ 27.
Rxb1 Bc5 28. dxc5 Nxc5 29. a8=Q d4 30. Nd5 Nfd7 31. Ne7 Nf6 32. Rb8 g5 33. Rh8+
Kg7 34. Qf8# 1-0

[Event "NAYCC U12 w"]
[Site "Kingston CAN"]
[Date "2019.08.16"]
[Round "1.109"]
[White "Geillon-Barral, Roween"]
[Black "Wang, Rachel"]
[Result "0-1"]
[WhiteElo "874"]
[BlackElo "1344"]
[PlyCount "48"]
[EventDate "2019.08.16"]
[EventType "swiss"]
[EventRounds "9"]
[EventCountry "CAN"]

1. e4 c5 2. Nf3 Nc6 3. Bc4 e6 4. O-O d5 5. Bd3 Nge7 6. exd5 exd5 7. Nc3 g6 8.
b3 Bg7 9. Ba3 Qa5 10. Bb2 O-O 11. Qe2 Bg4 12. h3 Nd4 13. Qxe7 Nxf3+ 14. Kh1
Nxd2 15. Rfe1 Bxc3 16. Bxc3 Qxc3 17. hxg4 c4 18. bxc4 dxc4 19. Be4 Rae8 20.
Qxb7 Rxe4 21. f3 Rxe1+ 22. Rxe1 Nxf3 23. Re2 Qa1+ 24. Re1 Qxe1# 0-1

[Event "NAYCC U12 w"]
[Site "Kingston CAN"]
[Date "2019.08.16"]
[Round "1.110"]
[White "Chen, Angela"]
[Black "Jeyakumar, Mathusha"]
[Result "1-0"]
[WhiteElo "1341"]
[BlackElo "855"]
[PlyCount "85"]
[EventDate "2019.08.16"]
[EventType "swiss"]
[EventRounds "9"]
[EventCountry "CAN"]

1. e4 e5 2. Nf3 Nc6 3. Bc4 Bc5 4. d3 Nf6 5. Bg5 h6 6. Bh4 d6 7. h3 Qe7 8. O-O
Bd7 9. Nc3 O-O-O 10. Nd5 Qe8 11. Nxf6 gxf6 12. Bxf6 Rg8 13. Kh2 Rg6 14. Bxd8
Nxd8 15. Nh4 Rg5 16. c3 Be6 17. Bxe6+ Nxe6 18. b4 Qd7 19. bxc5 Nf4 20. Qf3 Rh5
21. Nf5 dxc5 22. Rad1 Qd8 23. d4 cxd4 24. cxd4 Qf6 25. dxe5 Qxe5 26. Ne7+ Qxe7
27. Qxf4 Rg5 28. h4 Rh5 29. Qg4+ Qe6 30. Qxh5 b6 31. Rfe1 Kb7 32. Qd5+ Qxd5 33.
exd5 Kc8 34. d6 Kd7 35. Re7+ Kd8 36. Rxc7 f5 37. d7 f4 38. Rc8+ Ke7 39. d8=Q+
Kf7 40. Qg8+ Ke7 41. Re8+ Kf6 42. Rd6+ Kf5 43. Qg6# 1-0

[Event "NAYCC U12 w"]
[Site "Kingston CAN"]
[Date "2019.08.16"]
[Round "1.111"]
[White "Xie, Amy"]
[Black "Elangovan, Ramya"]
[Result "0-1"]
[WhiteElo "625"]
[BlackElo "1432"]
[PlyCount "50"]
[EventDate "2019.08.16"]
[EventType "swiss"]
[EventRounds "9"]
[EventCountry "CAN"]

1. e4 c5 2. Nf3 e6 3. e5 Nc6 4. Bb5 Qc7 5. Nc3 Nxe5 6. Nxe5 Qxe5+ 7. Ne2 a6 8.
f4 Qd5 9. Bd3 Nf6 10. Rg1 c4 11. Bxc4 Qxc4 12. d3 Qc7 13. Qd2 Bc5 14. Rf1 Ng4
15. Qc3 O-O 16. Ng3 d5 17. Nh5 d4 18. Qd2 Ne3 19. Qf2 Nxf1 20. Qxf1 Bb4+ 21.
Bd2 Bxd2+ 22. Kxd2 Qa5+ 23. Kc1 Qxh5 24. Qf2 Qa5 25. Qxd4 Qe1# 0-1

[Event "NAYCC U12 w"]
[Site "Kingston CAN"]
[Date "2019.08.16"]
[Round "2.97"]
[White "Wang, Lilian"]
[Black "Ruchinskaya, Valerie"]
[Result "0-1"]
[WhiteElo "1767"]
[BlackElo "1412"]
[PlyCount "104"]
[EventDate "2019.08.16"]
[EventType "swiss"]
[EventRounds "9"]
[EventCountry "CAN"]

1. e4 e6 2. d4 d5 3. e5 c5 4. c3 Nc6 5. Nf3 Qb6 6. a3 Nh6 7. b4 cxd4 8. cxd4
Nf5 9. Bb2 Bd7 10. Be2 Rc8 11. O-O Na5 12. g4 Nh6 13. h3 Nc4 14. Bxc4 Rxc4 15.
Nc3 Be7 16. Rc1 Qa6 17. Qd2 O-O 18. Nh2 f6 19. exf6 Rxf6 20. g5 Rg6 21. f4 Nf5
22. Nf3 Bd6 23. Ne2 h6 24. h4 hxg5 25. fxg5 e5 26. dxe5 Qb6+ 27. Kh1 Bxb4 28.
axb4 Rxb4 29. Bc3 Rg4 30. Bd4 Qa6 31. Bf2 Qe6 32. Nf4 Qf7 33. Nxg6 Qxg6 34.
Qxd5+ Be6 35. Qxb7 Qh5 36. Qb8+ Kh7 37. Rfd1 Rf4 38. g6+ Kxg6 39. Qe8+ Bf7 40.
Rc6+ Kh7 41. Ng5+ Qxg5 42. hxg5 Bxe8 43. Bxa7 Bxc6+ 44. Kg1 Re4 45. Bb8 Kg6 46.
Bd6 Kxg5 47. Kf2 g6 48. Rg1+ Rg4 49. Rc1 Rg2+ 50. Kf1 Ng3+ 51. Ke1 Re2+ 52. Kd1
Ba4+ 0-1

[Event "NAYCC U12 w"]
[Site "Kingston CAN"]
[Date "2019.08.16"]
[Round "2.98"]
[White "Morden, Simone"]
[Black "Lee, Yesun"]
[Result "0-1"]
[WhiteElo "1415"]
[BlackElo "1696"]
[PlyCount "172"]
[EventDate "2019.08.16"]
[EventType "swiss"]
[EventRounds "9"]
[EventCountry "CAN"]

1. d4 d5 2. Nf3 Nf6 3. e3 Bf5 4. Nbd2 e6 5. b3 Be7 6. Bb2 Nbd7 7. Be2 h6 8. O-O
O-O 9. c4 c6 10. Rc1 Re8 11. Re1 Bd6 12. Ne5 Bxe5 13. dxe5 Ne4 14. Nxe4 Bxe4
15. Bf3 Bg6 16. e4 dxc4 17. Rxc4 Qc7 18. Qd6 Rac8 19. Rd1 Nb6 20. Rcd4 c5 21.
R4d2 Qc6 22. Qxc6 Rxc6 23. Rc2 Rec8 24. Rdc1 c4 25. h3 cxb3 26. Rxc6 Rxc6 27.
Rxc6 bxc6 28. axb3 Nd7 29. Bd4 c5 30. Be3 Kf8 31. Kf1 Ke8 32. Ke2 Kd8 33. Kd2
Kc7 34. Kc3 Kc6 35. b4 a6 36. Be2 Bxe4 37. f3 Bg6 38. Bxc5 Nxc5 39. bxc5 Kxc5
40. Bxa6 Kd5 41. Kd2 Kxe5 42. Ke3 Bc2 43. Bb5 g5 44. g3 Bf5 45. f4+ gxf4+ 46.
gxf4+ Kf6 47. h4 Bg4 48. Bd7 Bf5 49. Bb5 Bc2 50. Be2 Kf5 51. Kf3 Be4+ 52. Kg3
Bd5 53. Bd3+ Kf6 54. f5 e5 55. Bc2 h5 56. Bd1 Kxf5 57. Bxh5 f6 58. Bg4+ Kg6 59.
Bd1 Be4 60. Ba4 f5 61. Be8+ Kf6 62. Bh5 Bc6 63. Bd1 Be4 64. Bh5 Ke6 65. Bd1 Kd5
66. Be2 Kd4 67. Bf3 Bxf3 68. Kxf3 e4+ 69. Ke2 Ke5 70. Kf2 Kf4 71. Kg2 Kg4 72.
Kf2 Kxh4 73. Kg2 Kg4 74. Kf2 f4 75. Kg2 f3+ 76. Kh1 e3 77. Kg1 Kg3 78. Kf1 f2
79. Ke2 Kg2 80. Kd3 f1=Q+ 81. Ke4 e2 82. Kd4 e1=R 83. Kc3 Rd1 84. Kc2 Qd3+ 85.
Kb2 Rb1+ 86. Ka2 Qb3# 0-1

[Event "NAYCC U12 w"]
[Site "Kingston CAN"]
[Date "2019.08.16"]
[Round "2.99"]
[White "Hua, Michelle"]
[Black "Chen, Angela"]
[Result "1-0"]
[WhiteElo "1666"]
[BlackElo "1341"]
[PlyCount "129"]
[EventDate "2019.08.16"]
[EventType "swiss"]
[EventRounds "9"]
[EventCountry "CAN"]

1. c4 e5 2. g3 Nf6 3. Bg2 Bc5 4. Nc3 d6 5. e3 Nc6 6. Nge2 a6 7. d4 Ba7 8. O-O
O-O 9. b3 Bd7 10. Bb2 Re8 11. Qd2 Qc8 12. Nd5 Qd8 13. Nxf6+ Qxf6 14. dxe5 Nxe5
15. Bxe5 Qxe5 16. Bxb7 Rab8 17. Bg2 Bg4 18. Nd4 Bxd4 19. Qxd4 Qxd4 20. exd4 Re2
21. Rfe1 Rbe8 22. Kf1 Kf8 23. f3 Rxe1+ 24. Rxe1 Rxe1+ 25. Kxe1 Bc8 26. Kd2 Bb7
27. b4 Ke7 28. a4 Kf6 29. a5 Bc6 30. d5 Bb7 31. f4 Ke7 32. Kc3 h6 33. Kd4 Kf6
34. c5 Ke7 35. c6 Bc8 36. Bf1 Kf6 37. b5 axb5 38. Bxb5 Kf5 39. a6 Bxa6 40. Bxa6
Kg4 41. Ke3 Kh3 42. Kf2 Kxh2 43. Bc8 g6 44. g4 h5 45. gxh5 gxh5 46. Bf5 f6 47.
Be6 Kh1 48. Kg3 Kg1 49. Kh4 Kf2 50. Kxh5 Kf3 51. Kg6 Kxf4 52. Kxf6 Ke4 53. Ke7
Kd4 54. Kd7 Kc4 55. Kxc7 Kc5 56. Kd7 Kb6 57. c7 Kc5 58. c8=Q+ Kd4 59. Kxd6 Ke4
60. Qc4+ Ke3 61. Ke5 Kd2 62. Kd4 Kd1 63. Qa2 Kc1 64. Kd3 Kd1 65. Qd2# 1-0

[Event "NAYCC U12 w"]
[Site "Kingston CAN"]
[Date "2019.08.16"]
[Round "2.100"]
[White "Wang, Rachel"]
[Black "Vidyarthi, Omya"]
[Result "1-0"]
[WhiteElo "1344"]
[BlackElo "1905"]
[PlyCount "139"]
[EventDate "2019.08.16"]
[EventType "swiss"]
[EventRounds "9"]
[EventCountry "CAN"]

1. d4 d5 2. c4 c6 3. Nf3 Nf6 4. Nc3 dxc4 5. a4 Bf5 6. e3 e6 7. Bxc4 Bb4 8. O-O
O-O 9. Qb3 Qe7 10. Ne2 Nbd7 11. Ng3 Bg4 12. e4 a5 13. h3 Bxf3 14. Qxf3 Rad8 15.
Bg5 h6 16. Be3 Nb6 17. Bd3 Rfe8 18. e5 Nfd7 19. Qg4 Kh8 20. Nh5 Rg8 21. Nxg7 f5
22. Nxf5 exf5 23. Qxf5 Qg7 24. g3 Nd5 25. Bc1 Be7 26. Qh5 Bg5 27. Bxg5 Qxg5 28.
Qxg5 Rxg5 29. Rfe1 Nf4 30. Bc4 Nxh3+ 31. Kh2 Nxf2 32. e6 Ng4+ 33. Kg2 Ndf6 34.
e7 Rb8 35. Bf7 Ne8 36. Kh3 Rg7 37. Rf1 Ngf6 38. Bxe8 Nxe8 39. Rf8+ Rg8 40. Raf1
Nc7 41. Rxb8 Rxb8 42. Rf8+ Kg7 43. Rxb8 Kf7 44. Rxb7 Nd5 45. Ra7 Nxe7 46. Rxa5
Ke6 47. Re5+ Kd6 48. Rxe7 Kxe7 49. Kg4 Kd6 50. Kf4 Kc7 51. Kf5 Kb6 52. Ke5 Ka5
53. b3 h5 54. d5 cxd5 55. Kxd5 Kb4 56. Ke5 Kxb3 57. a5 Kc4 58. a6 Kd3 59. a7
Ke3 60. a8=Q Kf2 61. Qh1 Kxg3 62. Qxh5 Kf2 63. Qh3 Ke2 64. Qg3 Kd1 65. Qf2 Kc1
66. Qe2 Kb1 67. Qd2 Ka1 68. Kd4 Kb1 69. Kc3 Ka1 70. Qb2# 1-0

[Event "NAYCC U12 w"]
[Site "Kingston CAN"]
[Date "2019.08.16"]
[Round "2.101"]
[White "Yang, Adelynne"]
[Black "Rajaram, Anika"]
[Result "0-1"]
[WhiteElo "1133"]
[BlackElo "1560"]
[PlyCount "86"]
[EventDate "2019.08.16"]
[EventType "swiss"]
[EventRounds "9"]
[EventCountry "CAN"]

1. e4 c5 2. Nf3 e6 3. c3 Nf6 4. Bd3 Nc6 5. Bc2 d6 6. O-O Be7 7. d4 cxd4 8. cxd4
Qc7 9. Nc3 a6 10. a3 O-O 11. Bf4 e5 12. Be3 Bg4 13. d5 Bxf3 14. Qxf3 Nd4 15.
Qd1 Nxc2 16. Qxc2 b5 17. Qd3 Rfc8 18. Rfc1 Qd7 19. h3 Nh5 20. b4 Rc4 21. Ra2
Rac8 22. Rac2 Qc7 23. Bd2 Nf6 24. f3 Nh5 25. Be3 Bf6 26. Bd2 Nf4 27. Qf1 Bg5
28. Kh2 Nxh3 29. gxh3 Bxd2 30. Rxd2 Rxc3 31. Rxc3 Qxc3 32. Rd3 Qb2+ 33. Kg3 Rc1
34. Rd1 Rxd1 35. Qxd1 Qxa3 36. Qc2 g6 37. Qc8+ Kg7 38. Qc6 Qxb4 39. Qxa6 Qc5
40. Qc6 Qg1+ 41. Kh4 Qf2+ 42. Kg4 h5+ 43. Kg5 Qg3# 0-1

[Event "NAYCC U12 w"]
[Site "Kingston CAN"]
[Date "2019.08.16"]
[Round "2.102"]
[White "Elangovan, Ramya"]
[Black "Gomez Camara, Sofia"]
[Result "1-0"]
[WhiteElo "1432"]
[BlackElo "1243"]
[PlyCount "117"]
[EventDate "2019.08.16"]
[EventType "swiss"]
[EventRounds "9"]
[EventCountry "CAN"]

1. d4 d5 2. Nf3 Nf6 3. g3 Bf5 4. Bg2 e6 5. O-O c5 6. Nc3 h6 7. a3 Be7 8. Re1
O-O 9. dxc5 Bxc5 10. b4 Be7 11. Nd2 Nc6 12. e4 dxe4 13. Ndxe4 Qc8 14. Be3 Rd8
15. Qe2 Ne5 16. Nc5 Nc6 17. Rad1 a6 18. h3 e5 19. g4 Bh7 20. Rxd8+ Nxd8 21. Rd1
Qc7 22. Nd5 Nxd5 23. Rxd5 Bxc5 24. Bxc5 Rc8 25. Rxe5 Ne6 26. Bd5 Re8 27. f4 b6
28. f5 bxc5 29. fxe6 fxe6 30. Kg2 Kh8 31. Rxe6 Rf8 32. Re8 Qd6 33. Rxf8+ Qxf8
34. bxc5 Bg6 35. Qxa6 Bxc2 36. Qa8 Qxa8 37. Bxa8 Ba4 38. c6 Kg8 39. c7 Bd7 40.
Bb7 Kf7 41. a4 Ke7 42. a5 Kd6 43. c8=Q Bxc8 44. Bxc8 Kc7 45. Ba6 Kc6 46. Kg3
Kc7 47. g5 Kb8 48. Kf4 Ka7 49. Bb5 Kb7 50. Ke5 Kc7 51. a6 Kb6 52. Kd6 Ka7 53.
Kc7 hxg5 54. Kc8 g4 55. hxg4 g5 56. Kc7 Ka8 57. Kb6 Kb8 58. a7+ Ka8 59. Bc6#
1-0

[Event "NAYCC U12 w"]
[Site "Kingston CAN"]
[Date "2019.08.16"]
[Round "2.103"]
[White "Surya, Dania"]
[Black "Tec, Isavelina"]
[Result "1-0"]
[WhiteElo "1216"]
[BlackElo "1163"]
[PlyCount "101"]
[EventDate "2019.08.16"]
[EventType "swiss"]
[EventRounds "9"]
[EventCountry "CAN"]

1. e4 e5 2. Nf3 Nc6 3. Bc4 Nf6 4. d3 d5 5. exd5 Nxd5 6. O-O Bc5 7. Re1 Bg4 8.
h3 Bxf3 9. Qxf3 Nf6 10. Bb5 Qd6 11. Nd2 O-O 12. Bxc6 bxc6 13. Nc4 Qd5 14. Nxe5
Rfe8 15. Qxd5 Nxd5 16. Bd2 Bd4 17. Nxc6 Rxe1+ 18. Rxe1 Bxb2 19. c4 Bc3 20. Bxc3
Nxc3 21. a3 a6 22. Re7 Rc8 23. Na7 Rd8 24. Rxc7 g6 25. Rc8 Rxc8 26. Nxc8 Kf8
27. Kf1 Ke8 28. Nd6+ Ke7 29. Ne4 Nb1 30. Ke1 f5 31. Nc5 a5 32. Kd1 Nxa3 33. Kc1
Kd6 34. Nb7+ Kc6 35. Nxa5+ Kb6 36. Kb2 Nc2 37. Kxc2 Kxa5 38. Kc3 Kb6 39. Kd4
Kc6 40. c5 h5 41. h4 f4 42. f3 Kd7 43. Kd5 Kc7 44. c6 Kc8 45. Kd6 Kd8 46. c7+
Kc8 47. Kc6 g5 48. hxg5 h4 49. g6 h3 50. g7 hxg2 51. g8=Q# 1-0

[Event "NAYCC U12 w"]
[Site "Kingston CAN"]
[Date "2019.08.16"]
[Round "2.104"]
[White "Jin, Christina"]
[Black "Wang, Felicity"]
[Result "0-1"]
[WhiteElo "1503"]
[BlackElo "1490"]
[PlyCount "84"]
[EventDate "2019.08.16"]
[EventType "swiss"]
[EventRounds "9"]
[EventCountry "CAN"]

1. d4 d5 2. c4 e6 3. Nc3 Nf6 4. e3 c6 5. Nf3 Nbd7 6. Be2 Be7 7. Qc2 O-O 8. Bd2
a6 9. e4 dxe4 10. Nxe4 Nxe4 11. Qxe4 c5 12. Qg4 Bf6 13. Bc3 Re8 14. h4 e5 15.
dxe5 Nxe5 16. Qg3 Nxc4 17. Kf1 Nxb2 18. Bxf6 Qxf6 19. h5 Nd3 20. Rd1 c4 21. Qg5
Qb2 22. Qd2 Bf5 23. Qxb2 Nxb2 24. Rc1 b5 25. a3 a5 26. Nd4 Bd3 27. Bxd3 Nxd3
28. Rd1 b4 29. a4 Nb2 30. Rc1 c3 31. Ra1 Re4 32. Nb3 c2 33. Rh3 Rd8 34. Re1 Rd1
35. Rhe3 Rxe3 36. fxe3 Nd3 37. Ke2 Nxe1 38. h6 Rb1 39. Kd2 Rxb3 40. Kxe1 c1=Q+
41. Kf2 Qxe3+ 42. Kf1 Rb1# 0-1

[Event "NAYCC U12 w"]
[Site "Kingston CAN"]
[Date "2019.08.16"]
[Round "2.105"]
[White "Chen, Helen"]
[Black "Huang, Lulu"]
[Result "1-0"]
[WhiteElo "1447"]
[BlackElo "1285"]
[PlyCount "123"]
[EventDate "2019.08.16"]
[EventType "swiss"]
[EventRounds "9"]
[EventCountry "CAN"]

1. e4 e5 2. Nf3 Nc6 3. Bc4 Bc5 4. c3 Nf6 5. d4 exd4 6. cxd4 Bb4+ 7. Nc3 Nxe4 8.
O-O d5 9. Nxd5 Be6 10. Ne3 O-O 11. d5 Na5 12. dxe6 Nxc4 13. exf7+ Rxf7 14. Nxc4
Qf6 15. Qb3 Bd6 16. Qxb7 Re8 17. Re1 c6 18. Qb3 Bc5 19. Be3 Bxe3 20. Rxe3 Kh8
21. Rae1 Rfe7 22. Rxe4 h6 23. Rxe7 Rxe7 24. Rxe7 Qxe7 25. Qe3 Qf7 26. Qe4 Qd7
27. Qd4 Qf5 28. Qd1 Qb5 29. Qc1 Qa4 30. a3 c5 31. Nce5 Kg8 32. Qc4+ Qxc4 33.
Nxc4 Kf7 34. Kf1 Ke6 35. Ke2 Kd5 36. Kd3 g6 37. Ne3+ Kd6 38. g4 Ke6 39. Kc4 a6
40. h4 a5 41. b3 h5 42. g5 a4 43. bxa4 Kd6 44. a5 Kc6 45. a6 Kb6 46. Kd5 c4 47.
Nxc4+ Kxa6 48. Ke6 Kb5 49. Kf6 Kxc4 50. Kxg6 Kb3 51. Kxh5 Kxa3 52. g6 Kb4 53.
g7 Kc5 54. g8=Q Kd6 55. Qg5 Ke6 56. Qe5+ Kd7 57. Qf6 Kc8 58. Qe7 Kb8 59. Qd7
Ka8 60. Nd4 Kb8 61. Nb5 Ka8 62. Qa7# 1-0

[Event "NAYCC U12 w"]
[Site "Kingston CAN"]
[Date "2019.08.16"]
[Round "2.106"]
[White "Liu, Lily"]
[Black "Zhou, Celina"]
[Result "0-1"]
[WhiteElo "919"]
[BlackElo "1446"]
[PlyCount "72"]
[EventDate "2019.08.16"]
[EventType "swiss"]
[EventRounds "9"]
[EventCountry "CAN"]

1. e4 c5 2. Nf3 Nc6 3. d4 cxd4 4. Nxd4 g6 5. Nc3 Bg7 6. Be3 Nf6 7. Bb5 O-O 8.
Qd2 Ng4 9. Bxc6 bxc6 10. h3 Nxe3 11. Qxe3 Qb6 12. O-O-O Rb8 13. Nb3 Qxe3+ 14.
fxe3 d6 15. g4 c5 16. g5 f6 17. gxf6 Rxf6 18. h4 Rf7 19. Rdf1 Rxf1+ 20. Rxf1
Ba6 21. Rf2 Rf8 22. Rf4 Be5 23. Rxf8+ Kxf8 24. Kd2 Bf6 25. Na5 Bxh4 26. Nc6 g5
27. Nxa7 g4 28. Nd5 e5 29. a4 g3 30. Nb5 g2 31. Ndc7 Bxb5 32. axb5 g1=Q 33. b6
Be1+ 34. Kd1 Bb4+ 35. Ke2 Qg2+ 36. Kd1 Qd2# 0-1

[Event "NAYCC U12 w"]
[Site "Kingston CAN"]
[Date "2019.08.16"]
[Round "2.107"]
[White "Zhong, April Yunwei"]
[Black "Liao, Jody"]
[Result "1-0"]
[WhiteElo "1340"]
[BlackElo "991"]
[PlyCount "131"]
[EventDate "2019.08.16"]
[EventType "swiss"]
[EventRounds "9"]
[EventCountry "CAN"]

1. d4 d5 2. Bf4 Nf6 3. e3 Bf5 4. Nf3 e6 5. Be2 Bd6 6. Bg3 O-O 7. Nbd2 Nc6 8. c3
Qd7 9. Ne5 Qe7 10. Ndf3 Nd7 11. Nxc6 bxc6 12. Qa4 c5 13. Ne5 Nb6 14. Qd1 f6 15.
Nf3 Rab8 16. Nh4 Rfe8 17. Nxf5 exf5 18. dxc5 Bxc5 19. O-O Bd6 20. Bxd6 Qxd6 21.
Bd3 Qe5 22. Qc2 g6 23. Rad1 f4 24. Rfe1 Qg5 25. exf4 Qxf4 26. Re2 Rxe2 27. Qxe2
Qe5 28. Qxe5 fxe5 29. Bb5 Rd8 30. a4 Nc8 31. Bc4 c6 32. b4 Rd6 33. Ba2 Kf8 34.
Kf1 Ke7 35. Ke2 Rd7 36. Ke3 Nd6 37. f3 Nf5+ 38. Ke2 Rb7 39. Kd3 a6 40. Re1 Kd6
41. g3 h5 42. Kc2 Ne7 43. Kd3 Rb8 44. Rb1 Kc7 45. c4 Kd6 46. Kc3 Kc7 47. Re1
Kd6 48. c5+ Ke6 49. f4 e4 50. Rxe4+ Kd7 51. Re1 Re8 52. Bb1 Rg8 53. Bd3 Ra8 54.
Re5 Kd8 55. Re6 Kd7 56. Re5 Kd8 57. Rg5 Kd7 58. Bxg6 Nxg6 59. Rxg6 Rh8 60. Rg7+
Ke6 61. Rc7 Rd8 62. Rxc6+ Ke7 63. Rxa6 Rb8 64. b5 Kd7 65. Ra7+ Kc8 66. Kd4 1-0